Top 20 Largest Landlocked Countries - Statistics

General Stats
  • This quiz has been taken 22 times
  • The average score is 18 of 20
Answer Stats
Rank Answer Area km² % Correct
9 Afghanistan 652,230
100%
3 Chad 1,284,000
100%
1 Kazakhstan 2,724,900
100%
2 Mongolia 1,564,110
100%
15 Paraguay 406,752
100%
13 Turkmenistan 488,100
100%
7 Bolivia 1,098,581
95%
5 Mali 1,240,190
95%
11 South Sudan 619,745
95%
14 Uzbekistan 448,978
95%
10 Central African Republic 622,984
91%
6 Ethiopia 1,104,300
91%
12 Botswana 581,730
86%
4 Niger 1,267,000
86%
18 Uganda 241,038
86%
16 Zimbabwe 390,757
86%
19 Laos 236,800
82%
8 Zambia 752,618
82%
20 Belarus 207,600
68%
17 Burkina Faso 274,222
64%
No matching quizzes found
Score Distribution
Percent of People with Each Score
Percentile by Number Answered
Your Score History
You have not taken this quiz